000 00521nam a2200193Ia 4500
008 101110s9999 xx 000 0 und d
041 _aENGLISH
082 _bJR2639
100 _aApsangikar, Dhange, Golatkar
245 _aSteps in Biology - Std. XII Science
365 _b48
520 _aBiology/Zoology
546 _aENGLISH
630 _aSteps in Biology - Std. XII Science
650 _aBiology/Zoology
655 _aBiology/Zoology
730 _aSteps in Biology - Std. XII Science
942 _cBOOK
999 _c794359
_d794356